000 00605nab a2200193 uc4500
001 268933
005 20240201130209.0
008 980804nuuuuuuuu spa
035 _a268933
035 _a(OCoLC)819765387
040 _ccomduadb
041 _aspa
100 1 0 _aAcosta, Mariclaire
_4aut
_eaut
_9321002
245 1 0 _aViolencia : una manera mas de discriminar a la mujer
650 7 _aViolencia contra la mujer
_2lemb
_92055
650 _aMéxico
_942871
773 0 _tPerfiles Liberales (México)
_gVol. 12, No. 57, Ene-Feb. 1998, p. 70-72
_w171486
_z0121389X
_0179434
942 _cARIMP
999 _c94944
_d94944